RICS Futures (Record no. 115140)

MARC details
000 -LEADER
fixed length control field 00803cam a22001935a 4500
001 - CONTROL NUMBER
control field L158099
005 - DATE AND TIME OF LATEST TRANSACTION
control field 20250813151832.0
008 - FIXED-LENGTH DATA ELEMENTS--GENERAL INFORMATION
fixed length control field 140516s2014 xxk f 000 0 eng d
035 ## - SYSTEM CONTROL NUMBER
System control number (Sirsi) u158099
041 0# - LANGUAGE CODE
Language code of text/sound track or separate title eng
110 2# - MAIN ENTRY--CORPORATE NAME
Corporate name or jurisdiction name as entry element Royal Institution of Chartered Surveyors
9 (RLIN) 4900
245 00 - TITLE STATEMENT
Title RICS Futures
Remainder of title Preparing for the Future
260 ## - PUBLICATION, DISTRIBUTION, ETC.
Place of publication, distribution, etc. London
Date of publication, distribution, etc. RICS
Name of publisher, distributor, etc. 2014
520 ## - SUMMARY, ETC.
Summary, etc. Outlines RICS Strategy for meeting the challenges of changing markets, economics and society by 2030. Sets out 7 pillars that the strategy is based on. Thinking ahead; Leadership and inspiration; Sustainability; New skills and multi-disciplinary; networks; technology; and ethics; values and standards.
590 ## - LOCAL NOTE (RLIN)
Local note KA
651 #4 - SUBJECT ADDED ENTRY--GEOGRAPHIC NAME
Geographic name International
690 ## - LOCAL SUBJECT ADDED ENTRY--TOPICAL TERM (OCLC, RLIN)
Topical term or geographic name as entry element Business and management
9 (RLIN) 6226
942 ## - ADDED ENTRY ELEMENTS (KOHA)
Suppress in OPAC 0
Source of classification or shelving scheme Dewey Decimal Classification
Holdings
Withdrawn status Lost status Source of classification or shelving scheme Damaged status Not for loan Home library Current library Shelving location Date acquired Total Checkouts Full call number Barcode Date last seen Copy number Price effective from Koha item type
    Dewey Decimal Classification     London London RICS Boxes 16/05/2014   RICS 2014/1 30078280 06/08/2019 1 06/08/2019 Book
    Dewey Decimal Classification     London London RICS Boxes 16/05/2014   RICS 2014/1 30078264 06/08/2019 2 06/08/2019 Reference material
    Dewey Decimal Classification     London London RICS Boxes 16/05/2014   RICS 2014/1 30078272 06/08/2019 3 06/08/2019 Book